| 000 | 00414nam a22001217a 4500 | ||
|---|---|---|---|
| 082 | _a220 PRO | ||
| 100 |
_aGC MOHSIN WASEEM GC SAAD UL HASSAN GC ASAD NAWAZ BUTT _970904 |
||
| 245 | _aPR-SOF-1605-DESIGN AND FABRICATION OF MULTITERRAIN DODECA WHEELER FOR UTILITY | ||
| 260 |
_aISLAMABAD _bNUST COLLEGE OF EME _c2017 |
||
| 650 |
_aDE-MECH-35 _970905 |
||
| 700 |
_aSUPERVISOR LT COL DR IMRAN SHAFI _970906 |
||
| 942 | _cCR | ||
| 999 |
_c577707 _d577707 |
||